000 01070nam a2200157 a 4500
008 140423s2011 xx |||||||||||||| || u
050 _aUNECA(02)2011/1A
110 _aUnited Nations Economic Commission For Africa(UNECA)
245 1 0 _aAddressing the Challenges of macro-economic policy convergence in the SADC region
_cby United Nations Economic Commission for Africa [UNECA]
260 _a
_bUNITED NATIONS ECONOMIC COMMISSION FOR AFRICA(UNECA)
_c2011
300 _avii, 69p.:
995 _aSPECIAL COLLECTIONS
_e1261
_FCBU-MAIN LIBRARY (Kitwe)
_jUN-ECA(02)2011/1C
_M3
_UAVAILABLE
_WApr 25, 2014
_yB1261
_ZInternational Publications
995 _aSPECIAL COLLECTIONS
_e1249
_FCBU-MAIN LIBRARY (Kitwe)
_jUN-ECA(02)2011/1A
_M1
_UAVAILABLE
_WApr 25, 2014
_yB1249
_ZInternational Publications
995 _aSPECIAL COLLECTIONS
_e1260
_FCBU-MAIN LIBRARY (Kitwe)
_jUN-ECA(02)2011/1B
_M2
_UAVAILABLE
_WApr 25, 2014
_yB1260
_ZInternational Publications
995 _aSPECIAL COLLECTIONS
_e1262
_FCBU-MAIN LIBRARY (Kitwe)
_jUN-ECA(02)2011/1D
_M4
_UAVAILABLE
_WApr 25, 2014
_yB1262
_ZInternational Publications
999 _c83658
_d83658